000 00482nam a2200181 i 4500
001 bg
100 1 _aBICADZE, Andrej V.
245 0 _aZbiór zadań z równań fizyki matematycznej /
_cA.W. Bicadze, D.F. Kaliniczenko.
260 _aWarszawa,
_c1984.
700 1 _aKALINICENKO, Dmitrij F.
700 1 _aBicadze, A. W.
700 1 _aKaliniczenko, D. F.
040 _cBPK
041 _apol
080 _a517.958(076)
942 _cKS
008 s pl f |000 0 pol
999 _c2328
_d2328
856 _uhttp://koha.tu.koszalin.pl/cgi-bin/koha/opac-detail.pl?biblionumber=2328
_yKatalog online BPK